000 00747nam a2200193 4500
008 160819b xxu||||| |||| 00| 0 eng d
020 _a0-7619-5203-9
082 _22006
_aDC 364.6
_bC31p
100 _913194
_aCavadino, Michael
245 _aPenal systems:
_ba comparative approach/
_cMichael Cavadino and James Dignan.
260 _aLondon:
_bSage Pub.,
_cc2006.
300 _axv, 380 pages:
_billustrations;
_c25 cm.
500 _aIncludes bibliographical references and index.
650 0 _913195
_aCorrections
_xCross-cultural studies
650 0 _913196
_aAdministration of criminal justice
_xCross-cultural studies
650 0 _913197
_aPrisons
_xCross-cultural studies
700 _913198
_aDignan, James
_eAuthor
942 _2ddc
_cDC
999 _c3943
_d3943